000 01058cam a2200337I 4500
001 453576
003 GBCCL
005 20241126110342.0
008 740401s1958 miu b 000 0 eng d
029 1 _aNLGGC
_b201258455
035 _a(OCoLC)ocm00846202
035 _a(OCoLC)846202
040 _aRGC
_beng
_cRGC
_dOCL
_dOCLCG
_dOCLCQ
_dOCLCF
_dOCLCO
_dLBB
049 _aLBBA
050 4 _aBS1140
_b.Y6 1958
082 _a221.61
_bYOU
090 _aBS1140
_b.Y6 1958
092 _a221.6
_bY71
100 1 _aYoung, Edward J.
_q(Edward Joseph),
_d1907-1968.
245 1 3 _aAn introduction to the Old Testament.
260 _aGrand Rapids, Mich.,
_bEerdmans
_c[ 1958]
300 _a456 pages
_c22 cm
336 _atext
_btxt
_2rdacontent
337 _aunmediated
_bn
_2rdamedia
338 _avolume
_bnc
_2rdacarrier
504 _aIncludes bibliographical references.
630 0 0 _aBible.
_pOld Testament
_vIntroductions.
630 0 7 _aBible.
_pOld Testament.
_2fast
_0(OCoLC)fst01808092
655 7 _aIntroductions.
_2fast
_0(OCoLC)fst01423833
942 _2ddc
_cBK
_015
999 _c645
_d645